| 000 | 00856nam a2200265Ia 4500 | ||
|---|---|---|---|
| 003 | OSt | ||
| 005 | 20220927111317.0 | ||
| 006 | a|||||r|||| 00| 0 | ||
| 007 | ta | ||
| 008 | 220926b |||||||| |||| 00| 0 eng d | ||
| 024 | _a104976 | ||
| 037 | _cReports | ||
| 040 |
_aRTL _cRTL _beng |
||
| 041 |
_2eng _aeng |
||
| 082 | _a"X9(J381):76.44Q71.N8, M8/UN" | ||
| 100 |
_aAhmed Raisuddin _9381849 |
||
| 245 | 0 | _aRice price fluctuation and an approach to price stabilization in Bangladesh | |
| 260 |
_aWashington _bInternational Food Policy Research Institute USA _c1989 |
||
| 300 |
_a84p. _ccm. |
||
| 490 | _aInternational Food Policy Research Institute | ||
| 650 | _aRice | ||
| 700 |
_a Bernard Andrew _9381850 |
||
| 942 |
_h"X9(J381):76.44Q71.N8, M8/UN" _cCC |
||
| 999 |
_c698966 _d698966 |
||